[Event "40th Annual World Open"]
[Site "Philadelphia USA"]
[Date "2012.07.05"]
[Round "2"]
[White "Garcia, Gildardo"]
[Black "Bosiocic, Marin"]
[Result "0-1"]
[WhiteTitle "GM"]
[BlackTitle "GM"]
[WhiteElo "2418"]
[BlackElo "2570"]
[WhiteFideId "4400020"]
[BlackFideId "14507927"]
[EventDate "2012.07.03"]
[EventType "swiss"]

1. e4 c5 2. Nf3 e6 3. d4 cxd4 4. Nxd4 a6 5. Nc3 Qc7 6. g3 Nc6 7. Bg2 d6 8. O-O
Bd7 9. a4 Nf6 10. Be3 Be7 11. Qe2 Na5 12. Rad1 O-O 13. f4 Rac8 14. g4 Nc4 15.
Bc1 h6 16. Kh1 Rfe8 17. Rd3 e5 18. Nf5 exf4 19. Bxf4 Bxf5 20. gxf5 Nxb2 21. Rg3
Qxc3 22. Rxc3 Rxc3 23. Rb1 Nxa4 24. Rxb7 Nc5 25. e5 dxe5 26. Qxe5 Nxb7 27. Qxc3
Nc5 28. Bf3 Rd8 29. Qe3 Bf8 30. Be5 Ncd7 31. Bd4 a5 32. Bc6 Rc8 33. Qf3 Rc7 34.
c4 a4 35. Bb5 a3 36. Qa8 Kh7 37. Kg2 Bd6 38. Qa6 Be5 39. Bxe5 Nxe5 40. Qd6 Ra7
41. Qb8 Ra5 42. Qc7 Nc6 43. Bxc6 Rc5 44. Qb6 a2 45. Qxc5 a1=Q 46. Bf3 Qc3 47.
Qc7 Qd2+ 48. Kh1 Qf2 0-1

[Event "40th Annual World Open"]
[Site "Philadelphia USA"]
[Date "2012.07.05"]
[Round "2"]
[White "Benjamin, Joel"]
[Black "Battaglini, Gabriel"]
[Result "0-1"]
[WhiteTitle "GM"]
[BlackTitle "IM"]
[WhiteElo "2559"]
[BlackElo "2419"]
[WhiteFideId "2000091"]
[BlackFideId "621650"]
[EventDate "2012.07.03"]
[EventType "swiss"]

1. e4 e6 2. d4 d5 3. Nd2 Nf6 4. e5 Nfd7 5. Bd3 c5 6. c3 Nc6 7. Ngf3 Be7 8. O-O
g5 9. dxc5 g4 10. Nd4 Ncxe5 11. Bb5 a6 12. Bxd7+ Bxd7 13. f4 gxf3 14. N2xf3 Ng6
15. b4 f6 16. Bh6 e5 17. Nb3 Bb5 18. Rf2 Qd7 19. Qc2 O-O-O 20. Nfd2 Rhg8 21. c4
dxc4 22. Nxc4 Qg4 23. Nba5 Nh4 24. Raf1 Rg6 25. Nd6+ Kc7 26. Nxb5+ axb5 27. Be3
Rdg8 28. g3 Qxb4 29. Nb3 f5 30. Kh1 Qg4 31. Bd2 f4 32. Bc3 Bf6 33. Qe4 Qf5 34.
Qd5 Rxg3 35. Na5 Rxc3 36. Qxb7+ Kd8 37. Qd5+ Ke7 38. Qxg8 Qe4+ 39. Kg1 Nf3+ 40.
Rxf3 Rxf3 41. Nc6+ Qxc6 42. Qxh7+ Kd8 43. Qg8+ Kc7 44. Qf7+ Kc8 45. Qf8+ Bd8 46.
Rd1 Qg6+ 47. Kh1 Rd3 0-1

[Event "40th Annual World Open"]
[Site "Philadelphia USA"]
[Date "2012.07.05"]
[Round "2"]
[White "Sarkar, Justin"]
[Black "Stripunsky, Alexander"]
[Result "0-1"]
[WhiteTitle "IM"]
[BlackTitle "GM"]
[WhiteElo "2396"]
[BlackElo "2553"]
[WhiteFideId "2010011"]
[BlackFideId "2015315"]
[EventDate "2012.07.03"]
[EventType "swiss"]

1. d4 d5 2. c4 c6 3. Nf3 Nf6 4. Nc3 e6 5. Bg5 Be7 6. e3 O-O 7. Qc2 Nbd7 8. Rd1
b6 9. a3 Bb7 10. Bd3 h6 11. Bh4 Rc8 12. O-O c5 13. cxd5 Nxd5 14. Bxe7 Qxe7 15.
Nxd5 Bxd5 16. Ba6 Bxf3 17. gxf3 Rc7 18. Qe2 Rd8 19. f4 cxd4 20. Rxd4 e5 21. fxe5
Nxe5 22. Rxd8+ Qxd8 23. f4 Nd7 24. Rd1 Qe7 25. Qd2 Nf8 26. Bd3 Qe6 27. Qe2 Re7
28. Re1 Qd6 29. Bf5 Qc5 30. Qd3 a5 31. Re2 Qc1+ 32. Kg2 Qc6+ 33. Kg3 Re8 34. h4
Qh1 35. Qb1 Qc6 36. Qc2 Qf6 37. h5 Qe7 38. Qc6 Qd8 39. Kf3 Re7 0-1

[Event "40th Annual World Open"]
[Site "Philadelphia USA"]
[Date "2012.07.05"]
[Round "2"]
[White "Evdokimov, Alexander A."]
[Black "Kleiman, Jake"]
[Result "1-0"]
[WhiteTitle "GM"]
[BlackTitle "IM"]
[WhiteElo "2544"]
[BlackElo "2392"]
[WhiteFideId "4139275"]
[BlackFideId "2020041"]
[EventDate "2012.07.03"]
[EventType "swiss"]

1. d4 Nf6 2. c4 e6 3. Nf3 Bb4+ 4. Bd2 Bxd2+ 5. Qxd2 d5 6. e3 O-O 7. Nc3 Qe7 8.
Rc1 Rd8 9. cxd5 exd5 10. Bd3 Nc6 11. a3 Bg4 12. O-O Ne4 13. Qc2 Bxf3 14. gxf3
Ng5 15. f4 Nf3+ 16. Kg2 Nh4+ 17. Kh1 Kh8 18. Rg1 Rd6 19. Qe2 f5 20. Rg3 Qf7 21.
Rcg1 Rg8 22. Rh3 Rh6 23. Bb1 Nd8 24. b4 c6 25. Na4 Qe7 26. Nc5 Ne6 27. Nxe6 Qxe6
28. Rg5 Qf7 29. Qe1 Qe7 30. Qg1 a5 31. Qg3 Ng6 32. bxa5 Qxa3 33. Bxf5 Ne7 34.
Rxh6 gxh6 35. Rxg8+ Nxg8 36. Bc8 Qe7 37. f5 Qe4+ 38. f3 Qb1+ 39. Kg2 Nf6 40. Qe5
Kg7 41. Qe7+ 1-0

[Event "40th Annual World Open"]
[Site "Philadelphia USA"]
[Date "2012.07.05"]
[Round "2"]
[White "Norowitz, Yaacov"]
[Black "Jankovic, Alojzije"]
[Result "1/2-1/2"]
[BlackTitle "GM"]
[WhiteElo "2388"]
[BlackElo "2543"]
[WhiteFideId "2024799"]
[BlackFideId "14505959"]
[EventDate "2012.07.03"]
[EventType "swiss"]

1. d4 Nf6 2. Nf3 g6 3. e3 Bg7 4. Be2 c5 5. O-O O-O 6. b3 d5 7. Bb2 cxd4 8. Nxd4
Nbd7 9. Na3 e5 10. Nf3 e4 11. Nd4 Ne5 12. h3 h5 13. Rc1 Nh7 14. c4 Qh4 15. Qe1
Nf3+ 16. gxf3 Ng5 17. fxe4 Qxe4 18. Kh2 Bxh3 19. Rg1 Bg4 20. Rg3 f5 21. f3 Nxf3+
22. Bxf3 Bxf3 23. Rxg6 f4 24. Rxg7+ Kxg7 25. Nxf3+ Kh6 26. Qc3 Rf7 27. Qe5 Rg8
28. Rg1 Rxg1 29. Nxg1 f3 30. Nxf3 Qxf3 31. Qh8+ Kg6 32. Qg8+ Kh6 33. Qh8+ 1/2-1/2

[Event "40th Annual World Open"]
[Site "Philadelphia USA"]
[Date "2012.07.05"]
[Round "2"]
[White "Sethuraman, S.P."]
[Black "Mulyar, Michael A."]
[Result "1-0"]
[WhiteTitle "GM"]
[BlackTitle "IM"]
[WhiteElo "2535"]
[BlackElo "2386"]
[WhiteFideId "5021596"]
[BlackFideId "2008742"]
[EventDate "2012.07.03"]
[EventType "swiss"]

1. e4 e5 2. Nf3 Nc6 3. d4 exd4 4. Nxd4 Bc5 5. Nb3 Bb6 6. Nc3 Nf6 7. Bg5 h6 8.
Bh4 d6 9. Qe2 Be6 10. Nd5 g5 11. Bg3 O-O 12. O-O-O Bxd5 13. exd5 Re8 14. Qf3 Ne5
15. Qf5 Kg7 16. Bb5 Qc8 17. Qxc8 Rexc8 18. Nd4 Bxd4 19. Rxd4 a6 20. Be2 Re8 21.
h4 Re7 22. hxg5 hxg5 23. f4 Ng6 24. Bd3 gxf4 25. Bxf4 Nxf4 26. Rxf4 Rae8 27. Kd2
Ne4+ 28. Kd1 Re5 29. Rg4+ Ng5 30. c4 Rh8 31. Rf1 a5 32. Kc2 f6 33. Kc3 Kf7 34.
Rgf4 Rh6 35. a3 Ke7 36. b4 axb4+ 37. axb4 Re3 38. Kd4 Rg3 39. Re1+ Kd8 40. c5
Rxg2 41. Ra1 Rh3 42. Kc4 dxc5 43. Bf5 Rf3 44. Rxf3 Nxf3 45. bxc5 Ne5+ 46. Kc3
Rg3+ 47. Kd4 Ke7 48. Rh1 Nf3+ 49. Kc4 Ne5+ 50. Kb4 Rf3 51. Rh7+ Kd8 52. Be6 Rf4+
53. Ka3 Rf3+ 54. Ka2 Rf2+ 55. Kb1 Rd2 56. Rh8+ Ke7 57. Rc8 f5 58. Rxc7+ Kf6 59.
Rxb7 f4 60. Rb8 f3 61. c6 f2 62. Bh3 Nxc6 63. dxc6 Rd1+ 64. Kb2 Rd2+ 65. Kc3 Rd1
66. Kc4 Rc1+ 67. Kd5 Ke7 68. Rb7+ Kd8 69. Rd7+ Ke8 70. Rh7 Kd8 71. Rf7 Rd1+ 72.
Kc5 Rc1+ 73. Kb6 Rb1+ 74. Ka7 Rc1 75. Bg2 Rc2 76. Kb6 Rb2+ 77. Ka7 Rc2 78. Bd5
Ke8 79. Kb6 Rb2+ 80. Kc5 Rc2+ 81. Kd6 Rd2 82. Rf5 1-0

[Event "40th Annual World Open"]
[Site "Philadelphia USA"]
[Date "2012.07.05"]
[Round "2"]
[White "Coleman, Teddy"]
[Black "Shabalov, Alexander"]
[Result "1/2-1/2"]
[WhiteTitle "FM"]
[BlackTitle "GM"]
[WhiteElo "2379"]
[BlackElo "2534"]
[WhiteFideId "2022010"]
[BlackFideId "2008572"]
[EventDate "2012.07.03"]
[EventType "swiss"]

1. d4 Nf6 2. c4 e6 3. Nc3 Bb4 4. f3 d5 5. a3 Bxc3+ 6. bxc3 c5 7. cxd5 exd5 8. e3
c4 9. g3 O-O 10. Nh3 Nc6 11. Nf2 Na5 12. Bg2 Nb3 13. Ra2 Qa5 14. Bd2 Bd7 15. O-O
Ba4 16. Qe2 Rfe8 17. Rb1 Rac8 18. Be1 Bc6 19. g4 Qd8 20. Nd1 Nd7 21. Bg3 b5 22.
e4 dxe4 23. fxe4 a5 24. Nf2 Nb6 25. Qf3 Bb7 26. Rd1 Qe7 27. d5 Nd7 28. d6 Qd8
29. Qf5 Rc5 30. Qf4 Re6 31. g5 Rxg5 32. Bh4 Rxg2+ 33. Kxg2 Qa8 34. Re2 Nbc5 35.
Bg3 Nxe4 36. Nxe4 Bxe4+ 37. Kg1 h6 38. Rf1 Qe8 39. Rfe1 f5 40. Qf2 h5 41. Qf4
Nc5 42. Rf1 Qg6 43. Rxe4 fxe4 44. Qf8+ Kh7 45. Qc8 Qg5 46. Rf8 Qd5 47. Rh8+ Kg6
48. Qg8 Qd1+ 49. Kg2 Qe2+ 50. Kg1 Qd1+ 51. Kg2 Qf3+ 1/2-1/2

[Event "40th Annual World Open"]
[Site "Philadelphia USA"]
[Date "2012.07.05"]
[Round "2"]
[White "Bryant, John Daniel"]
[Black "Amanov, Mesgen"]
[Result "1-0"]
[WhiteTitle "FM"]
[BlackTitle "GM"]
[WhiteElo "2377"]
[BlackElo "2529"]
[WhiteFideId "2031280"]
[BlackFideId "14000652"]
[EventDate "2012.07.03"]
[EventType "swiss"]

1. e4 c5 2. c3 Nf6 3. e5 Nd5 4. Nf3 d6 5. Bc4 Nb6 6. Bb3 Nc6 7. exd6 e6 8. O-O
Bxd6 9. d4 O-O 10. dxc5 Bxc5 11. Qe2 Bd7 12. Nbd2 Qc7 13. Re1 Rae8 14. Bc2 f5
15. a4 a5 16. Bb3 Bd6 17. Nf1 Kh8 18. Be3 Nc8 19. Rad1 e5 20. Ng5 f4 21. Bxf4
exf4 22. Qh5 h6 23. Qg6 Bf5 24. Qxe8 hxg5 25. Qh5+ Bh7 26. Bc2 g6 27. Bxg6 Rg8
28. Re6 Bf8 29. Bf5 Nb6 30. Rf6 Ne5 31. Rxb6 g4 1-0

[Event "40th Annual World Open"]
[Site "Philadelphia USA"]
[Date "2012.07.05"]
[Round "2"]
[White "Arnold, Marc T"]
[Black "Karavade, Eesha"]
[Result "1/2-1/2"]
[WhiteTitle "IM"]
[BlackTitle "IM"]
[WhiteElo "2529"]
[BlackElo "2343"]
[WhiteFideId "2022320"]
[BlackFideId "5012600"]
[EventDate "2012.07.03"]
[EventType "swiss"]

1. d4 e6 2. Nf3 Nf6 3. c4 b6 4. Nc3 Bb4 5. Bg5 h6 6. Bh4 Bb7 7. Qc2 g5 8. Bg3
Ne4 9. Nd2 Bxc3 10. bxc3 f5 11. e3 d6 12. Nxe4 Bxe4 13. Qd1 Qf6 14. f3 Bb7 15.
Qb3 Nd7 16. c5 f4 17. Bf2 fxe3 18. Bxe3 dxc5 19. Bb5 O-O-O 20. O-O Qf5 21. Bxd7+
Rxd7 22. dxc5 Qd5 23. Rfd1 Qxb3 24. axb3 Rxd1+ 25. Rxd1 Rd8 26. Rxd8+ Kxd8 27.
h4 gxh4 28. Kh2 b5 29. b4 e5 30. Bxh6 Kd7 31. Kh3 Ke6 32. Kxh4 Kf5 33. Bg5 Kg6
34. Bd8 e4 35. f4 e3 36. Bxc7 Bxg2 37. Kg3 Bd5 38. Be5 Kf5 39. Bd4 e2 40. Bf2 a6
41. Be1 Bc6 42. Bd2 Bd5 43. Kf2 Ke4 44. Kxe2 Bc6 45. Kf2 Bd5 46. Kg3 Kf5 47. Kh4
Bf3 48. Be3 Kg6 49. Bd4 Kf5 50. Be5 Kg6 51. Kg3 Bc6 52. Kg4 Bd7+ 53. Kf3 Bc6+
54. Kg3 Kf5 55. Bc7 Bd5 56. Kh4 Bf3 57. Bb8 Kg6 58. Kg3 Bc6 1/2-1/2

[Event "40th Annual World Open"]
[Site "Philadelphia USA"]
[Date "2012.07.05"]
[Round "2"]
[White "Burnett, Ronald"]
[Black "Mitkov, Nikola"]
[Result "1/2-1/2"]
[WhiteTitle "IM"]
[BlackTitle "GM"]
[WhiteElo "2350"]
[BlackElo "2527"]
[WhiteFideId "2002159"]
[BlackFideId "15000290"]
[EventDate "2012.07.03"]
[EventType "swiss"]

1. d4 d5 2. c4 e6 3. Nf3 Nf6 4. g3 Bb4+ 5. Bd2 Be7 6. Bg2 c6 7. O-O Nbd7 8. Nc3
dxc4 9. e4 b5 10. d5 exd5 11. exd5 cxd5 12. Nd4 Bb7 13. Nf5 O-O 14. Nxb5 Bc5 15.
Nbd6 Qb6 16. Ba5 Qa6 17. Nxb7 Qxb7 18. b4 cxb3 19. axb3 Rfe8 20. Bc3 Rac8 21.
Qd2 h6 22. Qb2 Re6 23. Bh3 Rb6 24. Rab1 Re8 25. Bg2 Rbe6 26. b4 Bf8 27. Nd4 Re5
28. Qa2 Ne4 29. Ba1 Rc8 30. Ne2 Ree8 31. Nf4 Nb6 32. Rfd1 Red8 33. Rd3 Qc6 34.
Rbd1 Re8 35. Nxd5 Nxd5 36. Rxd5 Bxb4 37. Qb1 Qc2 38. Qxb4 Qxf2+ 39. Kh1 Rc2 40.
Qxe4 Rxe4 41. Rd8+ Kh7 42. Bxe4+ f5 43. Bxc2 Qf3+ 44. Kg1 Qe3+ 45. Kh1 Qf3+ 1/2-1/2

[Event "40th Annual World Open"]
[Site "Philadelphia USA"]
[Date "2012.07.05"]
[Round "2"]
[White "Friedel, Joshua E"]
[Black "Gulamali, Kazim"]
[Result "1-0"]
[WhiteTitle "GM"]
[BlackTitle "FM"]
[WhiteElo "2503"]
[BlackElo "2318"]
[WhiteFideId "2017199"]
[BlackFideId "2024764"]
[EventDate "2012.07.03"]
[EventType "swiss"]

1. c4 g6 2. e4 e5 3. Nf3 Nc6 4. d4 exd4 5. Nxd4 Bg7 6. Nxc6 bxc6 7. Nc3 Rb8 8.
Be2 d6 9. Qa4 Bd4 10. Qxc6+ Bd7 11. Qa6 Qf6 12. O-O Ne7 13. Nb5 Bb6 14. Qa3 g5
15. Be3 O-O 16. Bxb6 Rxb6 17. Qxa7 Rc8 18. Qa3 Ng6 19. Rfe1 Bc6 20. Bf1 Ra8 21.
Qe3 h6 22. Nxc7 Rab8 23. b3 Ne5 24. Nb5 R6b7 25. a4 Re7 26. Qd2 Rd8 27. Rad1 Qg6
28. f3 g4 29. f4 Nf3+ 30. gxf3 gxf3+ 31. Kh1 Bxe4 32. Qf2 Kh8 33. f5 Qf6 34. Rd4
d5 35. cxd5 Qxf5 36. Nc3 Rde8 1-0

[Event "40th Annual World Open"]
[Site "Philadelphia USA"]
[Date "2012.07.05"]
[Round "2"]
[White "Harmon, Luke"]
[Black "Shyam, Nikil P."]
[Result "1-0"]
[BlackTitle "IM"]
[WhiteElo "2265"]
[BlackElo "2502"]
[WhiteFideId "2030012"]
[BlackFideId "5024218"]
[EventDate "2012.07.03"]
[EventType "swiss"]

1. e4 e6 2. d4 d5 3. Nc3 Nf6 4. Bg5 dxe4 5. Nxe4 Be7 6. Bxf6 gxf6 7. Nf3 b6 8.
Bb5+ c6 9. Bd3 Bb7 10. Qe2 Nd7 11. O-O-O Qc7 12. Kb1 O-O-O 13. Ba6 Bxa6 14.
Qxa6+ Kb8 15. Rhe1 Rhg8 16. g3 h5 17. Qc4 f5 18. Nc3 b5 19. Qb3 Bd6 20. a4 a6
21. Na2 Nb6 22. axb5 axb5 23. Nb4 Kb7 24. Nd3 Ra8 25. Nfe5 Ra4 26. c3 Rga8 27.
Rc1 Ra1+ 28. Kc2 R1a2 29. Kb1 f6 30. Nf3 Ra1+ 31. Kc2 Rxc1+ 32. Nxc1 Nc4 33.
Rxe6 Ra1 34. Re2 f4 35. d5 Qh7+ 36. Nd3 Rd1 37. dxc6+ Kb6 38. Nd2 Rxd2+ 39. Rxd2
fxg3 40. hxg3 h4 41. gxh4 Qxh4 42. Rd1 Qe4 43. Kb1 1-0

[Event "40th Annual World Open"]
[Site "Philadelphia USA"]
[Date "2012.07.05"]
[Round "2"]
[White "Kacheishvili, Giorgi"]
[Black "Perez, Robert M"]
[Result "1-0"]
[WhiteTitle "GM"]
[WhiteElo "2605"]
[BlackElo "2334"]
[WhiteFideId "13600613"]
[BlackFideId "2035251"]
[EventDate "2012.07.03"]
[EventType "swiss"]

1. d4 Nf6 2. c4 g6 3. Nc3 d5 4. Nf3 Bg7 5. Qb3 dxc4 6. Qxc4 O-O 7. e4 a6 8. e5
Nfd7 9. Be2 b5 10. Qb3 c5 11. e6 fxe6 12. Qxe6+ Kh8 13. dxc5 Nxc5 14. Qe3 Nbd7
15. h4 Bb7 16. h5 gxh5 17. Rxh5 Bxf3 18. Bxf3 Ne5 19. Be4 Ned3+ 20. Kf1 Rxf2+
21. Kg1 Rf5 22. Rxf5 1-0

[Event "40th Annual World Open"]
[Site "Philadelphia USA"]
[Date "2012.07.05"]
[Round "2"]
[White "Batchuluun, Tsegmed"]
[Black "Williams, Justus D"]
[Result "1-0"]
[WhiteTitle "GM"]
[WhiteElo "2501"]
[BlackElo "2216"]
[WhiteFideId "4900847"]
[BlackFideId "2049929"]
[EventDate "2012.07.03"]
[EventType "swiss"]

1. d4 Nf6 2. c4 e6 3. g3 d5 4. Nf3 dxc4 5. Bg2 Nc6 6. Qa4 Bb4+ 7. Bd2 Nd5 8.
Bxb4 Nxb4 9. Nc3 Bd7 10. O-O a5 11. Qd1 O-O 12. Nd2 Nxd4 13. Bxb7 Rb8 14. Bg2
Bc6 15. Nxc4 Qf6 16. Bxc6 Nbxc6 17. e3 Rb4 18. Nd2 Nb5 19. Nxb5 Rxb5 20. Nc4 Ne5
21. Nxe5 Qxe5 22. b3 a4 23. bxa4 Rb4 24. Rb1 Rxb1 25. Qxb1 g6 26. Rc1 Ra8 27.
Qb5 Qd6 28. a5 Qa3 29. Rxc7 Qxa2 30. Rxf7 1-0

[Event "40th Annual World Open"]
[Site "Philadelphia USA"]
[Date "2012.07.05"]
[Round "2"]
[White "Ludwig, Daniel"]
[Black "Plew, Jeffrey"]
[Result "1-0"]
[WhiteTitle "IM"]
[WhiteElo "2482"]
[BlackElo "1996"]
[WhiteFideId "2024322"]
[BlackFideId "3214036"]
[EventDate "2012.07.03"]
[EventType "swiss"]

1. d4 Nf6 2. c4 e6 3. Nc3 Bb4 4. Qc2 Nc6 5. Nf3 d6 6. a3 Bxc3+ 7. Qxc3 Qe7 8. b4
O-O 9. Bb2 Ne4 10. Qc2 f5 11. e3 Bd7 12. Bd3 Nf6 13. O-O Rae8 14. Rfd1 Nd8 15.
b5 Nf7 16. a4 g5 17. d5 exd5 18. cxd5 Ne4 19. Nd4 Nh6 20. Bxe4 fxe4 21. Qxc7 Ng4
22. Rd2 Ne5 23. Qxb7 Rb8 24. Qa6 Bc8 25. Nc6 Nf3+ 26. gxf3 Qe8 27. Qxa7 Rb7 28.
Qd4 Qh5 29. Qxe4 Bf5 30. Ne7+ Rxe7 31. Qxe7 Rf7 32. Qe8+ 1-0

[Event "40th Annual World Open"]
[Site "Philadelphia USA"]
[Date "2012.07.05"]
[Round "2"]
[White "Smirin, Ilia"]
[Black "Sloan, Sam"]
[Result "1-0"]
[WhiteTitle "GM"]
[WhiteElo "2647"]
[BlackElo "1902"]
[WhiteFideId "2801990"]
[BlackFideId "2030390"]
[EventDate "2012.07.03"]
[EventType "swiss"]

1. e4 e5 2. Nf3 f6 3. d4 d5 4. exd5 e4 5. Nfd2 Qxd5 6. Nc3 Qxd4 7. Ncxe4 Bf5 8.
Qf3 Bxe4 9. Nxe4 Nc6 10. Bb5 O-O-O 11. Bxc6 bxc6 12. O-O Nh6 13. Bxh6 gxh6 14.
Rad1 Qe5 15. Rxd8+ Kxd8 16. Nxf6 Bd6 17. Ng4 Qxb2 18. Nxh6 Rf8 19. Nf7+ Kd7 20.
Qf5+ Ke8 21. Nxd6+ cxd6 22. Re1+ 1-0

[Event "40th Annual World Open"]
[Site "Philadelphia USA"]
[Date "2012.07.05"]
[Round "3"]
[White "Bosiocic, Marin"]
[Black "Romanenko, Vladimir"]
[Result "1-0"]
[WhiteTitle "GM"]
[BlackTitle "GM"]
[WhiteElo "2570"]
[BlackElo "2463"]
[WhiteFideId "14507927"]
[BlackFideId "13502921"]
[EventDate "2012.07.03"]
[EventType "swiss"]

1. d4 Nf6 2. c4 e6 3. Nc3 Bb4 4. e3 O-O 5. Bd3 c5 6. Nf3 d5 7. O-O Nc6 8. a3
Bxc3 9. bxc3 dxc4 10. Bxc4 Qc7 11. Bb2 e5 12. h3 h6 13. Bb5 e4 14. Nd2 Na5 15.
c4 Bf5 16. dxc5 Rfd8 17. Bd4 Nd7 18. Bxd7 Qxd7 19. Qh5 Nc6 20. Bc3 Bg6 21. Qh4
Qe6 22. Rab1 Rd7 23. Rfc1 Ne5 24. Bxe5 Qxe5 25. Nb3 Rc8 26. Qg3 Qe7 27. Rb2 Kh7
28. a4 Qf6 29. Rcb1 Qa6 30. Qg4 Rcc7 31. Qe2 Rd3 32. Qc2 b6 33. cxb6 axb6 34.
Nd2 Qa5 35. Rb4 Rc6 36. Nf1 Qc5 37. Qb2 f6 38. Rxb6 Qxc4 39. Rxc6 Qxc6 40. Ra1
Rc3 41. a5 Rc2 42. Qb1 Qc4 43. Ng3 Bf7 44. a6 Bd5 45. a7 Qc3 46. Kh2 Rb2 47. Qd1
Rd2 48. Qa4 Rxf2 49. Qa3 Qd2 50. Rg1 Ba8 51. Qf8 Qd5 52. Rf1 Ra2 53. Qb8 Bc6 54.
Nf5 Qe5+ 55. Qxe5 fxe5 56. Rc1 Bd7 57. Nxg7 Rxa7 58. Nh5 Kg6 59. Ng3 Ra3 60. Re1
Be6 61. Nxe4 Bd5 62. Nf2 Ra2 63. Kg1 h5 64. e4 Bc4 65. Rc1 Ra4 66. Rc3 Rb4 67.
Rg3+ Kf6 68. Rf3+ Kg6 69. Rf5 Rb5 70. h4 Be2 71. Kh2 Ra5 72. Rg5+ Kf6 73. Nh1
Ra4 74. Ng3 Bg4 75. Nxh5+ Bxh5 76. Rxh5 Rxe4 77. g3 Re2+ 78. Kh3 e4 79. Kg4 Rf2
80. Ra5 Rf1 81. Ra8 Ke5 82. Re8+ Kd4 83. h5 e3 84. h6 Rh1 85. Kf4 Rf1+ 86. Kg5
Rh1 87. g4 Kd3 88. Kg6 e2 89. h7 Kd2 90. g5 1-0

[Event "40th Annual World Open"]
[Site "Philadelphia USA"]
[Date "2012.07.05"]
[Round "3"]
[White "Stripunsky, Alexander"]
[Black "Ludwig, Daniel"]
[Result "1/2-1/2"]
[WhiteTitle "GM"]
[BlackTitle "IM"]
[WhiteElo "2553"]
[BlackElo "2482"]
[WhiteFideId "2015315"]
[BlackFideId "2024322"]
[EventDate "2012.07.03"]
[EventType "swiss"]

1. d4 Nf6 2. Nf3 e6 3. e3 b6 4. Bd3 Bb7 5. Nbd2 c5 6. O-O cxd4 7. exd4 Be7 8.
Re1 O-O 9. c3 d6 10. Nf1 Nbd7 11. Ng3 Re8 12. Ng5 h6 13. N5e4 Qc7 14. Nxf6+ Nxf6
15. Nh5 Qc6 16. Nxf6+ Bxf6 17. Be4 Qc7 18. Qf3 Bxe4 19. Rxe4 e5 20. dxe5 Bxe5
21. Bf4 Bxf4 22. Rxf4 Rad8 23. Rd1 Re6 24. g3 Qe7 25. Kg2 Re2 26. Rxf7 Rxf2+ 27.
Kxf2 Qxf7 28. Qxf7+ Kxf7 29. Ke3 Re8+ 30. Kd3 Re5 31. Rf1+ Ke7 32. Rf4 Rd5+ 33.
Rd4 Ra5 34. a4 g5 35. g4 Kd7 36. b3 Re5 37. Re4 Rd5+ 38. Rd4 Re5 39. Re4 Rd5+
40. Ke2 Rc5 41. Re3 b5 42. b4 Rc4 43. axb5 Rxg4 44. Rh3 Re4+ 45. Kd2 Re6 46. c4
Kc7 47. Ra3 Kb7 48. Ra6 g4 49. c5 h5 50. c6+ Kb8 51. b6 axb6 52. b5 Kc7 53. Ra7+
Kc8 54. Ra8+ Kc7 55. Ra7+ Kc8 56. Kc3 h4 57. Ra8+ Kc7 58. Ra7+ Kc8 59. Rg7 Re4
60. Rg8+ Kc7 61. Rg7+ Kc8 62. Rh7 g3 63. Rh8+ Kc7 64. Rh7+ Kc8 65. hxg3 hxg3 66.
Rh8+ Kc7 67. Rh7+ Kc8 68. Rg7 Re5 69. Kc4 Rc5+ 70. Kb4 d5 71. Rxg3 Rc4+ 72. Kb3
Rc5 73. Kb4 Rc4+ 74. Ka3 Rc5 75. Rb3 Kc7 76. Ka4 Rc4+ 77. Rb4 Rc1 78. Ka3 Rc5
79. Rb3 Kc8 80. Rb1 Kc7 81. Rb4 Kd6 82. Ka4 Rc1 1/2-1/2

[Event "40th Annual World Open"]
[Site "Philadelphia USA"]
[Date "2012.07.05"]
[Round "3"]
[White "Hungaski, Robert Andrew"]
[Black "Evdokimov, Alexander A."]
[Result "1/2-1/2"]
[WhiteTitle "IM"]
[BlackTitle "GM"]
[WhiteElo "2488"]
[BlackElo "2544"]
[WhiteFideId "2021030"]
[BlackFideId "4139275"]
[EventDate "2012.07.03"]
[EventType "swiss"]

1. d4 Nf6 2. Bg5 d5 3. Bxf6 exf6 4. e3 c6 5. g3 Bd6 6. Bg2 O-O 7. Nd2 Be6 8. Ne2
Nd7 9. O-O Re8 10. c3 Rc8 11. Qc2 Bb8 12. b3 f5 13. Nf4 Nf6 14. Rfe1 Bd7 15. Nd3
Ne4 16. f3 Nxd2 17. Qxd2 Bd6 18. Nf2 Be6 19. Qd3 Rc7 20. Re2 Rce7 21. Rae1 h6
22. Qc2 Bc7 23. Bh3 Qc8 24. Nd3 Bd6 25. Nf4 Bd7 26. Qd2 Qd8 27. Qc2 Qc8 28. Qd2
Qd8 29. Qc2 Qc8 30. Nd3 Qd8 31. Nf2 Qc8 32. Qd2 f4 33. Bxd7 fxe3 34. Rxe3 Qxd7
35. Rxe7 Rxe7 36. Rxe7 Qxe7 37. Kf1 h5 38. Qd3 h4 39. f4 g6 40. Ng4 Qe6 41. Qf3
Kg7 42. Nf2 Qf5 43. Qd3 Qe6 44. Qd2 Qf5 45. Kg2 hxg3 46. hxg3 a5 47. Qd3 Qe6 48.
Kf3 Qe1 49. c4 Bb4 50. cxd5 cxd5 51. Qe3 Qxe3+ 52. Kxe3 Be1 53. Ke2 Bxf2 54.
Kxf2 Kh6 55. g4 g5 56. f5 1/2-1/2

[Event "40th Annual World Open"]
[Site "Philadelphia USA"]
[Date "2012.07.05"]
[Round "3"]
[White "Battaglini, Gabriel"]
[Black "Sethuraman, S.P."]
[Result "0-1"]
[WhiteTitle "IM"]
[BlackTitle "GM"]
[WhiteElo "2419"]
[BlackElo "2535"]
[WhiteFideId "621650"]
[BlackFideId "5021596"]
[EventDate "2012.07.03"]
[EventType "swiss"]

1. d4 d5 2. c4 c6 3. Nc3 Nf6 4. Nf3 e6 5. Bg5 dxc4 6. a4 Bb4 7. e4 Bxc3+ 8. bxc3
Qa5 9. e5 Ne4 10. Rc1 Nd7 11. Nd2 Nxd2 12. Bxd2 Nb6 13. Qg4 Kf8 14. h4 c5 15.
Rh3 Bd7 16. Rg3 Rg8 17. Qe4 g6 18. Qf4 Rg7 19. Qh6 cxd4 20. cxd4 Qxa4 21. Bg5
Qb4+ 22. Rgc3 Kg8 23. Bf6 Qf8 24. Bxc4 Bc6 25. d5 exd5 26. Bb3 a5 27. h5 a4 28.
Qe3 Nd7 29. h6 Nxf6 30. exf6 Re8 31. Bxd5 Bxd5 32. hxg7 Rxe3+ 33. Rxe3 Qd8 34.
Re7 a3 0-1

[Event "40th Annual World Open"]
[Site "Philadelphia USA"]
[Date "2012.07.05"]
[Round "3"]
[White "Friedel, Joshua E"]
[Black "Bryant, John Daniel"]
[Result "1/2-1/2"]
[WhiteTitle "GM"]
[BlackTitle "FM"]
[WhiteElo "2503"]
[BlackElo "2377"]
[WhiteFideId "2017199"]
[BlackFideId "2031280"]
[EventDate "2012.07.03"]
[EventType "swiss"]

1. c4 e5 2. Nc3 Nf6 3. Nf3 Nc6 4. g3 d5 5. cxd5 Nxd5 6. Bg2 Nb6 7. O-O Be7 8. d3
O-O 9. Be3 Re8 10. Rc1 Bf8 11. a3 Nd4 12. Ne4 Be6 13. Bxd4 exd4 14. Qc2 Rc8 15.
Nc5 Bd5 16. b4 g6 17. Rfe1 Bg7 18. Qd2 Rb8 19. Rc2 c6 20. Qf4 h6 21. h4 Na8 22.
h5 g5 23. Qc1 Nc7 24. Nd2 Bxg2 25. Kxg2 Nd5 26. Nb1 b6 27. Ne4 f5 28. Ned2 Rc8
29. Nf3 Qd6 30. Nbd2 Nc3 31. Nb1 Qd5 32. Nxc3 dxc3 33. Kg1 c5 34. bxc5 bxc5 35.
Rxc3 Bxc3 36. Qxc3 Rc6 37. Nd2 Qf7 38. e3 Qxh5 39. d4 Qf7 40. dxc5 f4 41. e4 Rf8
42. e5 fxg3 43. Qxg3 Rxc5 44. Ne4 Rc6 45. Nf6+ Rxf6 46. exf6 Qxf6 47. Re5 Qb6
48. Re7 Qd4 49. Qb3+ Kh8 50. Qc2 Qg4+ 1/2-1/2